|
|
|
|
| LEADER |
00000nam0a2200000 4500 |
| 001 |
177023 |
| 005 |
20231101223317.0 |
| 010 |
|
|
|a 9785922109772
|
| 035 |
|
|
|a (RuTPU)RU\TPU\book\191929
|
| 090 |
|
|
|a 177023
|
| 100 |
|
|
|a 20100310d2010 m y0rusy50 ca
|
| 101 |
0 |
|
|a rus
|
| 102 |
|
|
|a RU
|
| 105 |
|
|
|a y j 001zy
|
| 200 |
1 |
|
|a Функции комплексного переменного
|e учебник
|f Н. Б. Малышева, Э. Р. Розендорн
|g под ред. Э. Р. Розендорна
|
| 210 |
|
|
|a Москва
|c Физматлит
|d 2010
|
| 215 |
|
|
|a 168 с.
|
| 320 |
|
|
|a Библиогр.: с. 165.
|
| 320 |
|
|
|a Предметный указатель: с. 166-168.
|
| 330 |
|
|
|a Теория функций комплексного переменного изложена в объеме, соответствующем программам математики для естественных факультетов университетов (кроме физических специальностей, у которых программа математики обширнее). Изложение иллюстрируется примерами из механики и гидродинамики. Предназначено студентам естественных факультетов.
|
| 606 |
1 |
|
|a Функции комплексного переменного
|2 stltpush
|3 (RuTPU)RU\TPU\subj\17059
|9 42902
|
| 610 |
1 |
|
|a математика
|
| 610 |
1 |
|
|a комплексные плоскости
|
| 610 |
1 |
|
|a дифференцируемые функции
|
| 610 |
1 |
|
|a интегралы
|
| 610 |
1 |
|
|a комплексные числа
|
| 610 |
1 |
|
|a учебники
|
| 610 |
1 |
|
|a высшая математика
|
| 675 |
|
|
|a 517.53(075.8)
|v 3
|
| 700 |
|
1 |
|a Малышева
|b Н. Б.
|g Надежда Борисовна
|
| 701 |
|
1 |
|a Розендорн
|b Э. Р.
|g Эмиль Ренольдович
|
| 702 |
|
1 |
|a Розендорн
|b Э. Р.
|g Эмиль Ренольдович
|4 340
|
| 801 |
|
1 |
|a RU
|b 63413507
|c 20100310
|
| 801 |
|
2 |
|a RU
|b 63413507
|c 20120406
|g RCR
|
| 942 |
|
|
|c BK
|
| 959 |
|
|
|a 13/20100310
|d 1
|e 440,00
|f ЧЗТЛ:1
|